Statistics for Countries that start l,m,n,o and p

Click here to take the quiz!

General Stats

  • This quiz has been taken 71 times
  • The average score is 37 of 48

Answer Stats

HintAnswer% Correct
o
oman
95%
mmali
93%
llatvia
91%
llaos
90%
lliechtenstein
88%
llithuania
88%
mmauritania
88%
mmorocco
88%
llesotho
86%
nniger
86%
lluxembourg
84%
mmadagascar
83%
mmauritius
83%
nnigeria
83%
nnorth macedonia
83%
ppoland
83%
nnicaragua
81%
pperu
81%
lliberia
79%
mmalaysia
79%
mmexico
79%
nnamibia
79%
nnepal
79%
nnew zealand
79%
llebanon
78%
nnorway
78%
pparaguay
78%
llibya
76%
mmaldives
76%
mmonaco
76%
mmozambique
76%
nnorth korea
76%
ppalau
76%
pportugal
76%
mmontenegro
74%
ppakistan
74%
nnauru
72%
nnetherlands
72%
mmalawi
69%
mmoldova
69%
mmongolia
69%
ppanama
69%
mmalta
67%
pphilippines
66%
mmyanmar
62%
mmarshall islands
57%
mmicronesia
52%
ppapua new guinea
41%

Score Distribution

Percentile by Number Answered

Percent of People with Each Score

Your Score History

You have not taken this quiz